Freshwater fish by picture - Statistics

General Stats
  • This quiz has been taken 43 times
  • The average score is 6 of 11
Answer Stats
Picture Answer % Correct
Sturgeon
80%
bluegill
78%
Rainbow trout
75%
Pike
73%
Smallmouth bass
65%
Koi
63%
Striped bass
48%
Yellow perch
48%
Tiger trout
33%
Golden trout
18%
Humpback chub
3%
No matching quizzes found
Score Distribution
Percent of People with Each Score
Percentile by Number Answered
Your Score History
You have not taken this quiz